00434nam a2200169Ia 4500003000400000005001700004008004100021040000700062041000800069082002200077100002500099245006200124250000600186260004500192300001300237365001400250OSt20230511094049.0210423s2001 xx 000 0 und d cAL aeng a615.19 223bKLAC aKLAASSEN (Curtis D). aCasarett and Doulls toxicology: basic science of poisons. a6 aNew DelhibOxford University Pressc2001 axix,1236 b2399cINR